00541nam a2200121Ia 4500008004100000100001700041245013300058245004300191260000900234300002900243440003000272650011700302171207s9999 xx 000 0 und d aKim, Yunhwan 4aThe longitudinal relation between online and offline political participation among youth at two different developmental stages  cYunhwan Kim, Silvia Russo, Erik Amnå c2017 apages 899-917, June 2017 aNew Media & Societyv19:6 aDevelopmental stage, longitudinal design, offline political participation, online political participation, youth